Länder mit Amtssprache Portugiesisch - Statistiken

Allgemein
  • Dieses Quiz wurde 23 mal gespielt
  • Das Durchschnittsergebnis liegt bei 5 aus 9
Antwortstatistiken
Kontinent # Land % Korrekt
Südamerika 1 Brasilien
94%
Europa 1 Portugal
94%
Afrika 1 Angola
72%
Afrika 1 Mosambik
56%
Afrika 3 Äquatorial-Guinea
44%
Afrika 1 Guinea-Bissau
44%
Afrika 1 São Tomé und Príncipe
44%
Afrika 1 Kap Verde
33%
Asien 2 Timor-Leste
33%
Keine übereinstimmenden Quizze gefunden
Verteilung der Resultate
Anzahl Personen mit jedem Resultat
Perzentil nach korrekt beantworteten Fragen
Ihre Resultats-Entwicklung
Sie haben dieses Quiz noch nicht gespielt